| 000 | 00463nam a2200169Ia 4500 | ||
|---|---|---|---|
| 003 | IN-BaIIA | ||
| 008 | 211028s9999 xx 000 0 eng d | ||
| 040 | _cIIA Library | ||
| 080 |
_a523.45 _bWIL-2 |
||
| 100 |
_aWilliams, Stanley A. _91375 |
||
| 245 | 0 |
_aZenographical fragments _bII _cStanley A. Williams |
|
| 260 |
_aLondon _bTaylor and Francis _c1909 |
||
| 300 | _axiii, 104p. | ||
| 650 |
_aPlanet Jupiter _91376 |
||
| 650 |
_aPlanetary systems _9965 |
||
| 942 | _cBK | ||
| 999 |
_c633 _d633 |
||